| 000 | 01789nam a2200229 4500 | ||
|---|---|---|---|
| 005 | 20250329165506.0 | ||
| 008 | 190415s2020 000 0 eng d | ||
| 040 |
_aCO-CtgCURN _bspa _ccoctgcurn |
||
| 082 | 0 |
_aTCS 2020 _bB428 |
|
| 100 | 1 | _aBeleño Martínez, Juan David. | |
| 245 | 1 | 0 |
_aRoles que desempeña el contador público en la actualidad en las empresas de la ciudad de Cartagena / _cJuan David Beleño Martinez; Pablo Andres Insignare Ruíz; Asesor: Miguel Guerrero. |
| 260 |
_aCartagena de Indias : _bCorporación Universitaria Rafael Nuñez, _c2020. |
||
| 300 | _a22 hojas. | ||
| 504 | _aTrabajo de grado (Contabilidad sistematizada).Corporación Universitaria Rafael Nuñez. Facultad de Ciencias contables y administrativas.contabilidad Sistematizada. 2020. | ||
| 520 | _a"El siguiente trabajo se lleva acabo con el fin de saber cuál es ese papel fundamental que juega el contador público en la gerencia moderna en las empresas de la ciudad de Cartagena de Indias, como bien sabemos en la actualidad las organizaciones son muy dinámicas, y el tomar decisiones estratégicas implica un alto nivel de riesgo dentro de la sociedad, es aquí donde se presenta la oportunidad al contador de desempeñarse como asesor estratégico dentro de las organizaciones con la posibilidad de poder contrarrestar ese riesgo." | ||
| 650 | 0 |
_aContabilidad sistematizada _vTesis y disertaciones academicas. |
|
| 700 | 1 | _aInsignare Ruíz, Pablo Andres. | |
| 700 | 1 |
_aGuerrero, Miguel, _easesor. |
|
| 856 | 7 |
_uhttps://unicurn.sharepoint.com/:b:/s/biblioteca/ESjgzeqJdHJFgpK1RXgwNc8BLzNjoJiZ6uU1Bme0wAgBwQ?e=XQiVSU _zClick aqui para ver el recurso en texto completo |
|
| 942 |
_2ddc _cTG _aMHC _bMHC _hTCS 2020 _iB428 |
||
| 999 |
_c5782 _d5782 |
||